Weed ecology in natural and agricultural systems
Saved in:
| Main Author: | |
|---|---|
| Other Authors: | , |
| Format: | Book |
| Language: | English |
| Published: |
Wallingford, Oxon, UK :
CABI Pub.,
c2003
|
| Subjects: | |
| Tags: |
Add Tag
No Tags, Be the first to tag this record!
|
MARC
| LEADER | 00000cam a2200000 i 4500 | ||
|---|---|---|---|
| 001 | 1/9153 | ||
| 008 | 100712s2003 eng d | ||
| 020 | |a 0-85199-528-4 (pbk.) | ||
| 035 | |l 10108525 | ||
| 040 | |a GR-MY-UA |b gre |e aacr | ||
| 041 | 0 | |a eng | |
| 082 | 0 | |a 632.5 |2 (20) | |
| 100 | 1 | |a Booth, Barbara D. | |
| 245 | 1 | 0 | |a Weed ecology in natural and agricultural systems / |c Barbara D. Booth, Stephen D. Murphy, and Clarence J. Swanton |
| 260 | |a Wallingford, Oxon, UK : |b CABI Pub., |c c2003 | ||
| 300 | |a viii, 303 σ.; |b εικ., χάρτες; |c 24 εκ. | ||
| 504 | |a Περιέχει βιβλιογραφικές παραπομπές και ευρετήριο | ||
| 650 | 0 | 0 | |a Weeds |x Ecology. |
| 650 | 0 | 0 | |a Weeds. |
| 700 | 1 | |a Murphy, Stephen D. | |
| 700 | 1 | |a Swanton, Clarence J. | |
| 852 | |a INST |b LESVOS |e 20100712 |h 632.5 BOO |p 005100048147 |q 005100048147 |t BK |y 0 | ||
| 901 | |a BIBL1-2010-2 | ||
| 909 | |a Λ |b 165813 | ||
| 970 | |a ΚΑΡΑ |b ΓΙΑΣΕΜΗ |z 2010/07/12 | ||